[Event "Kiel op 31st"]
[Site "Kiel"]
[Date "2018.07.30"]
[Round "5"]
[White "Straetker, Sebastian"]
[Black "Hu, Yik Kwan"]
[Result "1-0"]
[WhiteElo "1887"]
[BlackElo "1504"]
[PlyCount "55"]
[EventDate "2018.07.28"]
[EventType "swiss"]
[EventRounds "9"]
[EventCountry "GER"]
[SourceTitle "CBM 185 Extra"]
[Source "ChessBase"]
[SourceDate "2018.07.29"]
[SourceVersion "1"]
[SourceVersionDate "2018.07.29"]
[SourceQuality "1"]

1. Nf3 Nf6 2. g3 b6 3. Bg2 Bb7 4. 0-0 e6 5. d4 Be7 6. c4 0-0 7. Nc3 Ne4 8. Qc2 Nxc3 9. Qxc3 Be4 10. Rd1 Bf6 11. Be3 c6 12. Qd2 d5 13. b3 Na6 14. Rac1 Qd7 15. Bg5 Qe7 16. Bxf6 Qxf6 17. Ne5 Bxg2 18. Kxg2 Rfc8 19. Rc3 Rc7 20. cxd5 exd5 21. Rf3 Qe6 22. Nd3 Qe4 23. Qf4 Qxe2 24. Re1 Qxa2 25. Nb4 Qa5 26. Nxa6 Rd7 27. Rfe3 Rf8 28. Nb8 1-0

[Event "Oberfranken-ch"]
[Site "Schney"]
[Date "2011.01.05"]
[Round "6"]
[White "Straetker, Sebastian"]
[Black "Eckl, Reinhard"]
[Result "0-1"]
[WhiteElo "1577"]
[BlackElo "1710"]
[PlyCount "129"]
[EventDate "2011.01.03"]
[EventType "swiss"]
[EventRounds "7"]
[EventCountry "GER"]
[SourceTitle "EXT 2015"]
[Source "ChessBase"]
[SourceDate "2014.11.20"]
[SourceVersion "1"]
[SourceVersionDate "2014.11.20"]
[SourceQuality "1"]

1. d4 Nf6 2. Nf3 g6 3. c4 Bg7 4. g3 0-0 5. Bg2 d6 6. 0-0 Nc6 7. Nc3 a6 8. e4 e5 9. d5 Ne7 10. h3 Ne8 11. Ne1 f5 12. exf5 Nxf5 13. Nd3 Nd4 14. c5 dxc5 15. Nxc5 Nd6 16. Be3 b6 17. Ne6 Nxe6 18. dxe6 Rb8 19. Bd5 Qe7 20. Qb3 Kh8 21. h4 Re8 22. a4 Bxe6 23. Bxe6 Qxe6 24. Qxe6 Rxe6 25. Nd5 c5 26. Rfd1 Nf5 27. a5 Nxe3 28. fxe3 b5 29. Nb6 e4 30. Rab1 Bf6 31. Rd5 Rd8 32. Rxc5 Red6 33. Rc8 Rxc8 34. Nxc8 Rc6 35. Nb6 Bd8 36. Nd7 Bxa5 37. Rd1 Bc7 38. g4 Rd6 39. Rxd6 Bxd6 40. Nf6 Be5 41. Nxe4 Bxb2 42. Kf1 Kg7 43. Ke2 Kf7 44. Kd3 Ba3 45. Nc3 Be7 46. g5 Ke6 47. e4 Bd6 48. Nd5 Be5 49. Nb4 Bg3 50. Nxa6 Bxh4 51. Nc7+ Ke5 52. Nxb5 Bxg5 53. Nd4 Bf6 54. Ne2 h5 55. Ke3 g5 56. Ng3 h4 57. Nh1 g4 58. Nf2 Bg5+ 59. Ke2 g3 60. Nh3 Kxe4 61. Nxg5+ Kf4 62. Nh3+ Kg4 63. Ng1 h3 64. Nf3 h2 65. Ne5+ 0-1

[Event "Oberfranken-ch"]
[Site "Schney"]
[Date "2011.01.03"]
[Round "1"]
[White "Leicht, Gerhard"]
[Black "Straetker, Sebastian"]
[Result "1-0"]
[WhiteElo "1788"]
[BlackElo "1577"]
[PlyCount "67"]
[EventDate "2011.01.03"]
[EventType "swiss"]
[EventRounds "7"]
[EventCountry "GER"]
[SourceTitle "EXT 2015"]
[Source "ChessBase"]
[SourceDate "2014.11.20"]
[SourceVersion "1"]
[SourceVersionDate "2014.11.20"]
[SourceQuality "1"]

1. e4 e6 2. d4 d5 3. e5 c5 4. c3 Nc6 5. Nf3 Qb6 6. a3 c4 7. Nbd2 f6 8. exf6 Nxf6 9. Be2 Bd6 10. 0-0 0-0 11. b3 cxb3 12. Nxb3 Ne4 13. Qc2 Qc7 14. Bd3 Ne7 15. Bd2 Nf6 16. Rfe1 Nf5 17. h3 h6 18. Ne5 Bxe5 19. Rxe5 b6 20. Rae1 Nd6 21. f3 Nc4 22. Bxc4 Qxc4 23. Nc1 Bd7 24. Ne2 Ne8 25. Nf4 Nc7 26. Qg6 Rf6 27. Qg3 Be8 28. Nxe6 Nxe6 29. Rxe6 Rxe6 30. Rxe6 h5 31. Bh6 g6 32. Rxg6+ Kf7 33. Rg7+ Ke6 34. Qe5# 1-0